000 00532nam a2200181Ia 4500
008 100917s9999 xx 000 0 und d
082 _b45410
100 _aरांगणेकर कुमुदिनी
245 _aओढ अनामिक
260 _bराजेश मराठी पॉ. बुक
_c1981
300 _a171
365 _b12
520 _aकादंबरी
630 _aओढ अनामिक
650 _aकादंबरी
730 _aओढ अनामिक
942 _cBOOK
999 _c650804
_d650801